000 00838cam a22002653a 4500
001 3190
003 PGUSA
005 20140828083027.0
008 040917s2004||||xxu|||||s|||||000 1 eng d
040 _aPGUSA
_beng
042 _adc
050 4 _aPS
100 1 _aTwain, Mark,
_d1835-1910
245 1 0 _a1601 :
_bConversation as it was by the Social Fireside in the Time of the Tudors
_h[electronic resource] /
_cMark Twain
260 _bProject Gutenberg,
_c2004
506 _aPublic domain in the USA.
516 _aElectronic text
653 _aSatire
653 _aRaleigh, Walter, Sir, 1552?-1618 -- Fiction
653 _aGreat Britain -- History -- Elizabeth, 1558-1603 -- Fiction
653 _aImaginary conversations
830 0 _aProject Gutenberg
_v3190
856 4 0 _uhttp://www.gutenberg.org/ebooks/3190
942 _cEB
999 _c232519
_d232519